بغية الوعاة في طبقات اللغويين والنحاة / (رقم التسجيلة. 81418)
[ عرض عادي ]
| 000 -الفاتح | |
|---|---|
| حقل البيانات ثابتة الطول | 01209cam a2200277a 44500 |
| 003 - محدد رقم الضبط | |
| رقم الضبط | OSt |
| 005 - وقت وتاريخ اخر تعامل مع التسجيلة | |
| رقم الضبط | 20220811131202.0 |
| 008 - عناصر البيانات ثابتة الطول - معلومات عامة | |
| حقل البيانات ثابتة الطول | 030308s2005ً ua 0000g ra d ara |
| 020 ## - الرقم الدولى المعيارى للكتب | |
| الرقم الدولى المعيارى للكتاب | 9773530302 |
| 040 ## - مصدر الفهرسة | |
| وكالة الفهرسة الأصلية | mb |
| لغة الفهرسة | ara |
| وكالة النسخ | mb |
| 041 ## - رمز اللغة | |
| رمز لغة النص/ المسارات الصوتية أو العنوان الانفرادي | عربي |
| 072 0# - رمز الفئه الموضوعية | |
| رمز فئه الموضوع | 083 |
| مجموعة رمز فئه الموضوع | التراجم. |
| 082 04 - رقم تصنيف ديوى العشرى | |
| رقم الطبعة | 21 |
| رقم التصنيف | 924.1 |
| رقم المادة | س ع ب |
| 100 1# - المدخل الرئيسى - إسم شخصى | |
| الإسم الشخصى | الجلال السيوطي، عبد الرحمن بن أبي بكر بن محمد. |
| التواريخ المصاحبة للاسم | 849-911 هـ. |
| 245 10 - بيان العنوان | |
| العنوان | بغية الوعاة في طبقات اللغويين والنحاة / |
| بيان المسئوليه,etc | لجلال الدين عبد الرحمن السيوطي ؛ تحقيق محمد أبو الفضل إبراهيم. |
| 246 30 - العنوان الموازى | |
| عنوان صحيح/عنوان مختصر | طبقات اللغويين والنحاة. |
| 250 ## - بيان الطبعة | |
| بيان الطبعة | ط. 1. |
| 260 ## - PUBLICATION, DISTRIBUTION, ETC. (IMPRINT) | |
| مكان الناشر او الموزع | القاهرة : |
| اسم الناشر او الموزع | مكتبة الخانجي بالقاهرة، |
| تاريخ النشر أو التوزيع | 2005 |
| تاريخ النشر هجري | 1426 |
| 300 ## - الوصف المادى | |
| التعداد | 2 مج. ؛ |
| أبعاد الوعاء | 24 سم. |
| 504 ## - تبصرة ببليوجرافية | |
| تبصرة ببليوجرافية,الخ | يشتمل على قائمة ببليوجرافية. |
| 650 ## - المدخل الاضافى بالموضوع-مصطلح موضوعى | |
| مصطلح موضوعي أو اسم جغرافي كعنصر مدخل | اللغويون العرب. |
| التقسيم الفرعي الشكلي | تراجم. |
| 650 ## - المدخل الاضافى بالموضوع-مصطلح موضوعى | |
| مصطلح موضوعي أو اسم جغرافي كعنصر مدخل | اللغة العربية. |
| التقسيم الفرعي العام | نحو. |
| التقسيم الفرعي الشكلي | تراجم. |
| 650 ## - المدخل الاضافى بالموضوع-مصطلح موضوعى | |
| مصطلح موضوعي أو اسم جغرافي كعنصر مدخل | اللغة العربية. |
| التقسيم الفرعي الشكلي | تراجم. |
| 700 ## - المدخل الاضافى - اسم شخصى | |
| الإسم الشخصى | إبراهيم، محمد أبو الفضل. |
| الدور | محقق. |
| 952 ## - LOCATION AND ITEM INFORMATION (KOHA) | |
| نوع المادة فى نظام كوها | كتاب |
| 952 ## - LOCATION AND ITEM INFORMATION (KOHA) | |
| نوع المادة فى نظام كوها | كتاب |
| 952 ## - LOCATION AND ITEM INFORMATION (KOHA) | |
| نوع المادة فى نظام كوها | كتاب |
| 952 ## - LOCATION AND ITEM INFORMATION (KOHA) | |
| نوع المادة فى نظام كوها | كتاب |
| 942 ## - | |
| -- | ddc |
| -- | BOOK |
| حالة الفقد | نموذج السعر الفعال | حالة تلف | ليس للاعارة | تاريخ الاكتساب | رقم الطلب | رقم النسخة | تاريخ الاكتساب | الموقع الحالي | الباركود | الفرع الرئيسي | Date last seen | مصدر التصنيف او خطة الترفيف | Total Checkouts |
|---|---|---|---|---|---|---|---|---|---|---|---|---|---|
| 2022-08-11 | Not For Loan | 2022-08-11 | 924.1 س ع ب | مج.1 | 2022-08-11 | CL | 00184714 | المكتبة المركزية بالمجمعة (CL) | 2022-08-11 | Dewey Decimal Classification | |||
| 2022-08-11 | 2022-08-11 | 924.1 س ع ب | مج.1 | 2022-08-11 | CL | 00184715 | المكتبة المركزية بالمجمعة (CL) | 2022-08-11 | Dewey Decimal Classification | ||||
| 2022-08-11 | Not For Loan | 2022-08-11 | 924.1 س ع ب | مج.2 | 2022-08-11 | CL | 00184716 | المكتبة المركزية بالمجمعة (CL) | 2022-08-11 | Dewey Decimal Classification | |||
| 2022-08-11 | 2022-08-11 | 924.1 س ع ب | مج.2 | 2022-08-11 | CL | 00184717 | المكتبة المركزية بالمجمعة (CL) | 2022-08-11 | Dewey Decimal Classification |
